Labour's thinkers : the intellectual roots of labour from Tawney to Gordon Brown /

Bibliographic Details
Main Author: Beech, Matt
Other Authors: Hickson, Kevin, 1974-
Format: Book
Language:English
Published: London ; New York : Tauris Academic Studies, 2007.
Subjects:

MARC

Tag First Indicator Second Indicator Subfields
LEADER 00000cam a2200000Ia 4500
001 in00002240521
005 20151105055324.0
008 070605s2007 enk b 001 0ceng d
020 |a 9781845112080 
020 |a 1845112083 
029 1 |a YDXCP  |b 2522719 
035 |a (OCoLC)ocn137776356 
035 |a (OCoLC)137776356 
040 |a U3G  |c U3G  |d YDXCP  |d BTCTA  |d BAKER  |d SUC  |d UtOrBLW 
043 |a e-uk--- 
049 |a TXAM 
050 4 |a JN1129.L32  |b B44 2007 
100 1 |a Beech, Matt. 
245 1 0 |a Labour's thinkers :  |b the intellectual roots of labour from Tawney to Gordon Brown /  |c Matt Beech and Kevin Hickson. 
264 1 |a London ;  |a New York :  |b Tauris Academic Studies,  |c 2007. 
300 |a 323 pages ;  |c 23 cm. 
336 |a text  |b txt  |2 rdacontent 
337 |a unmediated  |b n  |2 rdamedia 
338 |a volume  |b nc  |2 rdacarrier 
504 |a Includes bibliographical references (pages 294-311) and index. 
610 2 0 |a Labour Party (Great Britain)  |x History  |y 20th century. 
650 0 |a Politicians  |z Great Britain  |v Biography. 
651 0 |a Great Britain  |x Politics and government  |y 20th century. 
700 1 |a Hickson, Kevin,  |d 1974- 
938 |a YBP Library Services  |b YANK  |n 2522719 
938 |a Baker and Taylor  |b BTCP  |n BK0006935095 
938 |a Baker & Taylor  |b BKTY  |c 79.95  |d 79.95  |i 1845112083  |n 0006935095  |s active 
945 |a PromptCat  |b 170328 
946 |a stk 
947 |a A14836165534 
948 |a cataloged  |b h  |c 2007/7/10  |d c  |e achopde  |f 1:05:44 pm 
994 |a 92  |b TXA 
999 |a MARS 
999 f f |s e01bcf1c-da3b-3fb8-9d77-59b8acc81c49  |i a039cba1-c503-31c9-a720-216b7248c916  |t 0 
952 f f |p ric  |a Texas A&M University  |b Rellis Campus  |c Joint Library Facility  |d Remote Storage  |t 0  |e JN1129.L32 B44 2007  |h Library of Congress classification  |i unmediated -- volume  |m A14836165534 
998 f f |a JN1129.L32 B44 2007  |t 0  |l Remote Storage